|
|
|
|
| LEADER |
00000cam a2200000 7i4500 |
| 001 |
0000175775 |
| 005 |
20130509.0 |
| 020 |
|
|
|a 9789834704797
|
| 090 |
0 |
0 |
|a 950.076
|b NOO
|
| 100 |
0 |
|
|a Noorsaliza Saad
|
| 245 |
1 |
0 |
|a Sejarah Asia Tenggara, Asia Selatan dan Asia Timur 1800-1963 Kertas 2
|c Noorsaliza Saad
|
| 250 |
|
|
|a Edisi ketiga
|
| 260 |
|
|
|a Shah Alam :
|b Oxford Fajar Sdn. Bhd. ,
|c 2011
|
| 300 |
|
|
|a 406p. ;
|c 26cm.
|
| 490 |
0 |
|
|a Ace Ahead
|
| 650 |
0 |
0 |
|a Asia,Southeastern
|x History
|y 1800-1963
|
| 650 |
0 |
0 |
|a East Asia
|y 1800-1963
|x History
|
| 650 |
0 |
0 |
|a Southeast Asia
|x History
|y 1800-1963
|
| 999 |
|
|
|a 00275366
|b BUKU
|c PINJAMAN
|e PERPUSTAKAAN KOMUNITI PETALING JAYA
|
| 999 |
|
|
|a 00275367
|b BUKU
|c PINJAMAN
|e PERPUSTAKAAN KOMUNITI PETALING JAYA
|
| 999 |
|
|
|a 00275368
|b BUKU
|c PINJAMAN
|e PERPUSTAKAAN KOMUNITI PETALING JAYA
|
| 999 |
|
|
|a 00275369
|b BUKU
|c RUJUKAN ULANGKAJI
|e PERPUSTAKAAN KOMUNITI PETALING JAYA
|
| 999 |
|
|
|a 00275370
|b BUKU
|c RUJUKAN ULANGKAJI
|e PERPUSTAKAAN KOMUNITI PETALING JAYA
|